Instituciones estalladas /

Uloženo v:
Podrobná bibliografie
Hlavní autor: Fernández, Ana María
Korporativní autor: UBA
Další autoři: comp
Médium: Text
Vydáno: Buenos Aires: Eudeba
Vydání:2
Témata:
Tagy: Přidat tag
Žádné tagy, Buďte první, kdo vytvoří štítek k tomuto záznamu!

MARC

LEADER 00000 a a2200000 04500
001 30255
003
040
020 |a 950-23-0901-4  
090 |a 194505  
100 |a Fernández, Ana María  
110 |a UBA  
245 |a Instituciones estalladas /  |c Ana María Fernández 
250 |a 2  
260 |a Buenos Aires:   |b Eudeba  
300 |a 458 p.  
650 |a VIOLENCIA  
650 |a VIOLENCIA CONTRA LAS MUJERES  
650 |a DISCRIMINACION BASADA EN EL GENERO  
700 |a comp.  
999 |c 14793  |d 14793